|
|
|
|
| LEADER |
02576njm a2200577 a 4500 |
| 001 |
001276653 |
| 003 |
CZ BrMZK |
| 005 |
20130221071539.0 |
| 007 |
sd fsngnnmmned |
| 008 |
130130r20121945xr opnng dfi cze d |
| 015 |
|
|
|a cnb002440578
|
| 024 |
3 |
|
|a 8594156850098
|
| 028 |
0 |
1 |
|a SBB 009-12-02
|b Společnost Beno Blachuta
|
| 040 |
|
|
|a BOA001
|b cze
|
| 043 |
|
|
|a e-xr---
|
| 045 |
|
|
|a w8w8
|
| 072 |
|
7 |
|a 782
|x Divadelní hudba. Opera, opereta, muzikál
|2 Konspekt
|9 9
|
| 080 |
|
|
|a 782
|2 MRF
|
| 080 |
|
|
|a (437.3)
|2 MRF
|
| 080 |
|
|
|a (086.76)
|2 MRF
|
| 100 |
1 |
|
|a Smetana, Bedřich,
|d 1824-1884
|7 jk01120043
|4 cmp
|
| 240 |
1 |
0 |
|a Čertova stěna
|7 aun2006373500
|
| 245 |
1 |
0 |
|a Čertova stěna
|h [zvukový záznam] =
|b The devil's wall /
|c Bedřich Smetana
|
| 246 |
3 |
0 |
|a Devil's wall
|
| 260 |
|
|
|a [Praha] :
|b Společnost Beno Blachuta,
|c c2012
|
| 300 |
|
|
|a 2 zvukové desky (130:11) :
|b digital, mono ;
|c 12 cm
|
| 500 |
|
|
|a Komicko-romantická opera o 3 dějstvích
|
| 500 |
|
|
|a Libreto Eliška Krásnohorská
|
| 500 |
|
|
|a Fonogram p1945 Český rozhlas
|
| 500 |
|
|
|a Kompaktní desky (AAD)
|
| 511 |
1 |
|
|a Stanislav Muž, Marta Krásová, Beno Blachut, Ludmila Červinková, Karel Hruška, Marie Budíková, Karel Kalaš, Vladimír Jedenáctík, zpěv ; Český pěvecký sbor, Jan Kühn, sbormistr ; Symfonický orchestr pražského rozhlasu, Otakar Jeremiáš, dirigent
|
| 518 |
|
|
|a Nahráno ve studiu Českého rozhlasu v Praze r. 1945
|
| 650 |
0 |
7 |
|a opery
|7 ph123760
|z Česko
|y 19. stol.
|2 czenas
|
| 655 |
|
7 |
|a kompaktní desky
|7 fd201991
|2 czenas
|
| 700 |
1 |
|
|a Krásnohorská, Eliška,
|d 1847-1926
|7 jk01062911
|4 lbt
|
| 700 |
1 |
|
|a Jeremiáš, Otakar,
|d 1892-1962
|7 jk01051481
|4 cnd
|
| 700 |
1 |
|
|a Muž, Stanislav,
|d 1896-1955
|7 ola200204266
|4 sng
|
| 700 |
1 |
|
|a Krásová, Marta,
|d 1901-1970
|7 jn19990209418
|4 sng
|
| 700 |
1 |
|
|a Blachut, Beno,
|d 1913-1985
|7 jn19990009801
|4 sng
|
| 700 |
1 |
|
|a Červinková, Ludmila,
|d 1908-1980
|7 ola200203869
|4 sng
|
| 700 |
1 |
|
|a Hruška, Karel,
|d 1891-1966
|7 jx20061115002
|4 sng
|
| 700 |
1 |
|
|a Budíková, Marie,
|d 1904-1984
|7 jn20000400308
|4 sng
|
| 700 |
1 |
|
|a Kalaš, Karel,
|d 1910-2001
|7 jn20000710134
|4 sng
|
| 700 |
1 |
|
|a Jedenáctík, Vladimír,
|d 1905-1980
|7 jn99240000372
|4 sng
|
| 700 |
1 |
|
|a Kühn, Jan,
|d 1891-1958
|7 jn20000710400
|4 cnd
|
| 710 |
2 |
|
|a Český pěvecký sbor
|7 mzk2004214196
|
| 710 |
2 |
|
|a Symfonický orchestr pražského rozhlasu
|7 ko2010565648
|
| 910 |
2 |
|
|a BOA001
|b CDR-1297.731
|
| 990 |
|
|
|a AV
|
| 991 |
|
|
|b 201302
|
| 996 |
6 |
|
|b 2610537289
|c CDR-1297.731
|l MZK
|r Sklad / do 24 hodin
|n 1
|p p.v.
|w 001311015
|u 000010
|a 1
|e BOA001
|j MZK50
|s P
|